| 000 | 00908cab a2200181 4500 | ||
|---|---|---|---|
| 001 | L129339 | ||
| 008 | 050413n2005 000 0 eng u | ||
| 035 | _a(Sirsi) u129339 | ||
| 041 | _aeng | ||
| 100 | _aBurke, Catherine | ||
| 245 | _aMixed outlook for airport property | ||
| 260 | _c2005 | ||
| 490 |
_aProperty Forecast _v8(3) March 2005, 8-9(2) |
||
| 520 | _aDiscusses the outlook for UK airport property following its recovery from the attack on the World Trade Center and the global economic revival. Regional airports will have good potential though there will be competion from the continent and rival local airports. The established hub airports will continue to attract occupiers and investors but increasing fuel prices and the possibility of a pollution tax will need to be considered. | ||
| 590 | _aIKA150405 | ||
| 690 | _aPROPERTY-INFRASTRUCTURE-AIR TRANSPORT INFRASTRUCTURE | ||
| 942 | _n0 | ||
| 999 |
_c75074 _d75074 |
||